Nemocenské dávky (3. časť)

Spoločné ustanovenia zákona o sociálnom positení - z akého obdobia. Spôsob výpočtu nemocenských dávok. SZČO, dobrovoľne nemocensky poistená osoba a vymeriavací základ na určenie výšky nemocenskej dávky. Nárok na nemocenské dávky z viacerých nemocenských poistení

Gespeichert in:
Bibliographische Detailangaben
1. Verfasser: Danajovičová, Katarína
Format: Buchkapitel
Sprache:Slowakisch
Schlagworte:
Tags: Tag hinzufügen
Keine Tags, Fügen Sie das erste Tag hinzu!

MARC

LEADER 00000naa a2200000 4500
001 0303308
005 20240801085756.4
041 0 |a slo 
044 |a SK 
245 1 0 |a Nemocenské dávky (3. časť)  |c Katarína Danajovičová 
520 |a Spoločné ustanovenia zákona o sociálnom positení - z akého obdobia. Spôsob výpočtu nemocenských dávok. SZČO, dobrovoľne nemocensky poistená osoba a vymeriavací základ na určenie výšky nemocenskej dávky. Nárok na nemocenské dávky z viacerých nemocenských poistení 
610 2 0 |a dávky poistenia nemocenského 
610 2 0 |a základ vymeriavací 
610 2 0 |a poistenci 
610 2 0 |a zamestnanci 
610 2 0 |a legislatíva 
100 1 |a Danajovičová, Katarína